000
00296nam a22001217a 4500
008
180206b xxu||||| |||| 00| 0 eng d
041
_a
eng
080
_a
94
100
_a
16
101
_a
HIS
245
_a
CITY ON HILL AHISTORY OF IDEAS AND MYTH IN AMERICA
_c
LOREN.B
942
_2
udc
_c
BK
999
_c
41846
_d
41846